| 000 | 00586nam a22002057a 4500 | ||
|---|---|---|---|
| 003 | koha_MIRAKIL | ||
| 005 | 20231213095922.0 | ||
| 008 | 231213b |||||||| |||| 00| 0 ||| d | ||
| 020 | _b978-9-94488862-2 | ||
| 040 |
_aTR-IsEVY _btur _cTR-IsEVY |
||
| 082 | _a658.827 BRU/M | ||
| 100 | _aBruce, Duncan. | ||
| 245 | 0 |
_aMarka bilmecesi _bmarkanızın sırrını çözmek |
|
| 260 |
_bTürkiye İş Bankası Kültür Yayınları, _c2010 |
||
| 300 | _aXVIII, 219 s. | ||
| 500 | _aCorporate image. | ||
| 650 | _aBranding (Marketing). | ||
| 650 | _aBusiness names. | ||
| 942 |
_2ddc _cBK |
||
| 999 |
_c11589 _d11589 |
||